00491 2200181 4500001002100000008004100021035002000062245006000082100001900142260004300161300001100204020002200215084001400237082000800251650001200259990001800271990002000289INLIS000000000000683 ind  a0010-0724000683 aSang Ahli Melayang Serta Cerita Lainnyacdidik djunaedi adidik djunaedi aJakartabPT. Gading inti pratamac2008 a67 hlm a978-602-8608-22-0 a398 DJO s a398 aFolklor aP29/CP/24/683 aP29/CP/24/683.1